000 00583nam a22001697a 4500
003 OSt
005 20260324161737.0
008 260324b |||||||| |||| 00| 0 eng d
040 _cMRSPTU
041 _aEnglish
100 _aKajal, Supervisor: Dr. Rahul Deshmukh
245 _aNeuroprotective Potential of Vinpocetine Against Weight Drop Induced Traumatic Brain Injury In Rats
260 _bDepartment of Pharmacy, MRSPTU, Bathinda
_c2020
650 _aPharmaceutical Sciences and Technology
856 _uhttp://163.47.215.52:8080/jspui/handle/123456789/90
942 _2ddc
_cTH
_n0
999 _c11243
_d11243